Differential games.

Saved in:
Bibliographic Details
Main Author: Friedman, Avner
Format: Book
Language:English
Published: New York : Wiley-Interscience, [1971].
Series:Pure and applied mathematics ; v. 25
Subjects:
LEADER 00818nam a2200241 i 4500
001 c000305691
003 CARM
005 00000000000000.0
008 840313s1971 nyu 0 eng d
019 1 |a 252901  |5 LACONCORD2021 
020 |a 0471280496 
035 |a (OCoLC)162345  |5 LACONCORD2021 
082 0 4 |a 519.3 
100 1 |a Friedman, Avner. 
245 1 0 |a Differential games. 
260 |a New York :  |b Wiley-Interscience,  |c [1971]. 
300 |a 350 p. 
490 0 |a Pure and applied mathematics ;  |v v. 25 
500 |a Bibliography: p. 339-350. 
650 0 |a Differential games. 
852 8 |b CARM  |h A1:AL05B0  |i B10617  |p 0503006  |f BK 
999 f f |i 8aa1e845-3129-593e-a31f-21b3241690a0  |s b8a35433-7b42-5031-a6b8-89485f055009 
952 f f |p Can circulate  |a CAVAL  |b CAVAL  |c CAVAL  |d CARM 1 Store  |e B10617  |f A1:AL05B0  |h Other scheme  |i book  |m 0503006